| 000 | 00556nam a22001937a 4500 | ||
|---|---|---|---|
| 999 |
_c527157 _d527157 |
||
| 003 | NUST | ||
| 005 | 20190722095636.0 | ||
| 008 | 190722b ||||| |||| 00| 0 eng d | ||
| 038 | _aUmer Abbas | ||
| 082 | _a658 | ||
| 100 |
_aNazir Zaineb _918286 |
||
| 245 |
_aStudy Of Relationship Between Supply Chain Management And Marketing _czaineb Nazir |
||
| 260 |
_aIslamabad: _bNBS-NUST , _c2013 |
||
| 300 |
_a77p.: ill./; _c30cm. |
||
| 500 | _ahardcover. | ||
| 650 |
_aMBA THESIS. _917629 |
||
| 700 |
_aMr. Muhammad Kamran Khalid _918287 |
||
| 942 |
_2ddc _cTHE |
||